000 00517nam a2200205Ia 4500
001 14127
003 GE_BSU
008 181216s||||||||xx |||||||||||||| ||und||
040 _cGE_BSU
080 _a641
245 _aCooking for One or TWO.
245 _bGood Housekeeping step-by-step cookery
260 _aLondon
260 _bGuild publishing/Ebury Press
260 _c1986
300 _a160p.ill.25cm.
653 _aCooking for One or TWO.
653 _aGood Housekeeping step-by-step cookery
942 _cBK
999 _c47267
_d47267